First Voted Out of this Survivor Tribe Quiz Stats

 Plays Quiz not verified by Sporcle

Challenge
Share
Tweet
Embed
Score 0/19 Timer 10:00
0 Plays Today
Survivor Season and Tribe Castaway % Correct
Australian Outback, BarramundiJeff Varner
83.2%
Borneo, RattanaGretchen Cordy
76.6%
Africa, 2nd Boran Silas Gaither
59.8%
All-Stars, 2nd Mogo MogoRichard Hatch
57.2%
Palau, 1st KororWillard Smith
52.4%
Pearl Islands, DrakeBurton Roberts
50%
Thailand, Chuay JaiKen Stafford
49.5%
Marquesas, 2nd MaraamuSarah Jones
48.9%
Vanuatu, 2nd LopeviJohn Kenney
34.6%
Panama, 2nd La MinaMisty Giles
32.7%
Survivor Season and Tribe Castaway % Correct
Amazon, 2nd TambaquiJeanne Hebert
31.4%
Tocantins, TimbiraCandace Smith
31.4%
Gabon, 2nd KotaDan Kay
27.1%
Samoa, Foa FoaMarisa Calihan
27.1%
China, 1st Fei LongLeslie Nease
26.3%
Micronesia, 2nd MalakalJoel Anderson
24.7%
Fiji, 2nd RavuAnthony Robinson
24.5%
Guatemala, 2nd YaxhaBlake Towsley
23.1%
Cook Islands, 2nd RaroJ.P. Calderson
2.1%

You're not logged in!

Compare scores with friends on all Sporcle quizzes.
OR
Log In

You Might Also Like...

Show Comments

Extras

Top Quizzes Today


Score Distribution

Your Account Isn't Verified!

In order to create a playlist on Sporcle, you need to verify the email address you used during registration. Go to your Sporcle Settings to finish the process.

Report this User

Report this user for behavior that violates our Community Guidelines.

Details: